Diseño y especificaciones técnicas de la línea de transmisión para el Proyecto Hidroelectrico Daniel Gutiérrez
Đã lưu trong:
| Tác giả chính: | |
|---|---|
| Tác giả khác: | |
| Định dạng: | Sách |
| Được phát hành: |
[San José , Costa Rica]
1995
|
| Những chủ đề: | |
| Các nhãn: |
Thêm thẻ
Không có thẻ, Là người đầu tiên thẻ bản ghi này!
|
MARC
| LEADER | 00000nam a2200000Ia 4500 | ||
|---|---|---|---|
| 003 | 007793 | ||
| 005 | 20221231144250.0 | ||
| 008 | 140114s1995 cr a m 000 ||s d | ||
| 040 | |c cru CEDI | ||
| 090 | |a TFG 3367 | ||
| 100 | |a Monestel Ramos, Alexander |9 8267 | ||
| 245 | |a Diseño y especificaciones técnicas de la línea de transmisión para el Proyecto Hidroelectrico Daniel Gutiérrez | ||
| 260 | |c 1995 |a [San José , Costa Rica] | ||
| 300 | |a 55, [46] páginas : ilustraciones. | ||
| 500 | |a Proyecto de graduación (bachillerato en ingeniería eléctrica)-- Universidad de Costa Rica. Facultad de Ingeniería. Escuela de Ingeniería eleéctrica | ||
| 650 | |x COMPAÑIA NACIONAL DE FUERZA Y LUZ (COSTA RICA).. PROYECTO HIDROELECTRICO DANIEL GUTIERREZ (LOS ANGELES, SAN RAMON, ALAJUELA, COSTA RICA |x LINEAS ELECTRICAS |9 10521 | ||
| 700 | |9 9958 |a Alvarado Sánchez, Mario Alvarado | ||
| 942 | |c TFG | ||
| 999 | |c 19295 |d 19295 | ||
